NLSUI OPAC header image

Outlines of criminal procedure (Record no. 2083)

MARC details
000 -LEADER
fixed length control field 00393nam a2200157Ia 4500
008 - FIXED-LENGTH DATA ELEMENTS--GENERAL INFORMATION
fixed length control field 160316s1984 xxu||||| |||| 00| 0 eng d
082 ## - DEWEY DECIMAL CLASSIFICATION NUMBER
Classification number 345.050000
Item number KEL-5
100 ## - MAIN ENTRY--PERSONAL NAME
Personal name Kelkar R V
245 ## - TITLE STATEMENT
Title Outlines of criminal procedure
250 ## - EDITION STATEMENT
Edition statement 2nd.
260 ## - PUBLICATION, DISTRIBUTION, ETC.
Place of publication, distribution, etc. Lucknow
Name of publisher, distributor, etc. Eastern Book Co.
Date of publication, distribution, etc. 1984
300 ## - PHYSICAL DESCRIPTION
Extent 612p
Other physical details
Dimensions lxxx
365 ## - TRADE PRICE
Price amount Rs.75
650 ## - SUBJECT ADDED ENTRY--TOPICAL TERM
Topical term or geographic name entry element 1. Criminal Procedure
700 ## - ADDED ENTRY--PERSONAL NAME
Personal name
--
Holdings
Withdrawn status Lost status Damaged status Not for loan Home library Current library Shelving location Date acquired Cost, normal purchase price Total Checkouts Full call number Barcode Date last seen Price effective from Koha item type Public note
        . .   30.05.2017 75.00   345.05 KEL-5 2206 14.06.2024 30.05.2017 BOOKs PAMPHLET TYPE